Statistics for The 10 Most Populated Countries in North America - Map Quiz

Click here to take the quiz!

General Stats

  • This quiz has been taken 18 times
  • The average score is 9 of 10

Answers on the Map

Answers color-coded by a green-red scale on the quiz's map according to % correct below.
 

Answer Stats

Answer% Correct
Canada
100%
Cuba
100%
Dominican Republic
100%
Mexico
100%
United States
100%
Guatemala
93%
Honduras
93%
El Salvador
87%
Haiti
87%
Nicaragua
87%

Score Distribution

Percentile by Number Answered

Percent of People with Each Score

Your Score History

You have not taken this quiz